00329nam a2200145Ia 45000030006000000080041000060400015000471000016000622450031000782500006001092600031001153000006001465460014001520050017001660STCL150530s9999 xx 000 0 und d aSTCLcSTCL aJayakumar K aKavithayile Punarjanmangal a1 bD C Books ; Kottayamc1988 a0 aMalayalam20220125171744.0